000 02115nam a22002657a 4500
003 URS
005 20240510172318.0
008 240510b |||||||| |||| 00| 0 eng d
050 0 0 _aLG 221.R59. M377
_b2019
100 1 _aDABLO, DARIUS M.
_eResearcher
245 1 0 _aMushroomantic project/
_cDABLO, DARIUS M. ...;[et.al.]
260 1 _c2019
300 _axiv,88 leaves
_billustration
_c28cm
336 _2rdacontent
_atext
337 _2rdamedia
_aunmediated
338 _2rdacarrier
_avolume
502 _aUndergraduate Thesis or Project Development Report
_bBachelor of Agricultural Technology
_cUniversity of Rizal System, Rodriguez, Rizal
_d2019
520 _aThe Project Development Report entitled Chabbilicious Hog Fattening Project was managed by the proponents namely Mary grace A. Birog, Elyza P Bocarile, Jessary M. Odquin and Kate Trixie Sangilan, and was financed by their parents. The project consisted of one cycle only. It was started on July 10, 2018 and was terminated on December 2.2018 The project was implemented at Sitio Calumpit Brgy Macabud Rodriguez Rizal The proponents considered the site because of the existing pigpen and water supply. The area of the pen was eight square meter (8m²) with dimensions of four meters length by two meters width (4m) X (2m). the space requirement of point eighty five squared meter (0.85m²) per head made the area. suitable for the hog fattening project to gain experience, techniques in hog raising The proponents cleaned and disinfected the pigpen two weeks before the transferring. The pen was cleaned using broomstick and water by sweeping the waste to drainage. The proponents also maintained the cleanliness of pigpen and dryness of the floor to prevent the manipulation of bacteria that can cause diseases. Cleaning of pigpen was done regularly by removing the waste and washing the floor surface
650 _2advantage for health
700 _aDUPAY, AGUSTIN C.
_eResearcher
700 _aSISON RAFAEL CARLOS M.
_eResearcher
700 _aTARALA RONALD R.
_eResearcher
700 _aREGALARIO, FREDIE C.
_eAdviser
942 _2lcc
_cT
999 _c79867
_d79866